| 000 | 01111cad a22002055a 4500 | ||
|---|---|---|---|
| 001 | L157100 | ||
| 008 | 120830e20120829xxk 000 0 eng d | ||
| 035 | _a(Sirsi) u157100 | ||
| 041 | 0 | _aeng | |
| 110 | 2 |
_aLand Registry _95885 |
|
| 245 | 0 | 0 |
_aJuly market trend data from Land Registry _h[electronic resource] |
| 260 | _c2012 | ||
| 490 |
_aLand Registry Press Release _vPR14/12 29 August 2012 |
||
| 520 | _aMarket trend data includes Land Registry House Price Index, Transactions and Price Paid July 2012. House prices rose by 0.8% with average house prices in England and Wales now at £162 900. There were over 1 132 000 transactions with South East the top region. The Price Paid Data includes details of over 62 000 residential property sales in England and Wales that were lodged for registration in July 2012. | ||
| 590 | _aKA NTK | ||
| 651 | 4 |
_aEngland and Wales _y1543- |
|
| 690 |
_aResidential property _96266 |
||
| 856 | 4 | 0 |
_uhttps://www.landregistry.gov.uk/media/all-releases/press-releases/2012/market-trend-data-july-2012 _zView this item free of charge at www.landregistry.gov.uk |
| 942 | _n0 | ||
| 999 |
_c114597 _d114597 |
||